[Event "AUTO-ELITE-2456"]
[Site "http://www.queenalice.com/game.php?id=1805115"]
[Date "2023.1.31"]
[Round "1"]
[White "Nguxi59"]
[Black "acid"]
[Result "0-1"]
[WhiteElo "2514"]
[BlackElo "2754"]

1. e4 c5 2. Nf3 Nc6 3. d4 cxd4 4. Nxd4 Nf6 5. Nc3 e6 6. Ndb5 d6 7. Bg5 a6 8. Nd4
Bd7 9. Be2 Be7 10. O-O O-O 11. Kh1 Nxe4 12. Nxe4 Bxg5 13. Nf3 Bf4 14. Nxd6 Qc7
15. Nc4 Rad8 16. c3 Ne7 17. Ne3 Bxe3 18. fxe3 Qb6 19. Qc2 Qxe3 20. Bd3 g6 21.
Rae1 Qc5 22. a3 Qc7 23. Qc1 Kg7 24. Ne5 f6 25. Nxd7 Rxd7 26. Re3 e5 27. Rh3 Ng8
28. Bc2 f5 29. Ba4 Re7 30. c4 e4 31. c5 Qe5 32. Re1 f4 33. b4 e3 0-1

[Event "AUTO-ELITE-2456"]
[Site "http://www.queenalice.com/game.php?id=1805120"]
[Date "2023.1.31"]
[Round "1"]
[White "Nguxi59"]
[Black "trompmaster"]
[Result "0-1"]
[WhiteElo "2466"]
[BlackElo "2499"]

1. e4 e5 2. Nf3 Nc6 3. Bc4 Bc5 4. c3 Nf6 5. d4 exd4 6. cxd4 Bb4+ 7. Nc3 Nxe4 8.
O-O Bxc3 9. d5 Bf6 10. Re1 Ne7 11. Rxe4 O-O 12. Bg5 Ng6 13. Bxf6 Qxf6 14. Qd4
Qxd4 15. Nxd4 d6 16. Rc1 Bd7 17. Bb5 Bxb5 18. Nxb5 a6 19. Nxc7 Rab8 20. f4 Rfd8
21. g3 h5 22. Kf2 Kf8 23. Re3 Ne7 24. h3 Rbc8 25. Rb3 Nxd5 26. Rxb7 h4 27. gxh4
Nxf4 28. Rd1 Nh5 29. Nxa6 Rc2+ 30. Kf3 g6 31. a4 Re8 32. Nc7 Rc8 33. Nb5 Rxb2
34. Rxf7+ Kg8 35. Rc7 Rf8+ 36. Ke3 Ra2 37. Nc3 Raf2 38. a5 R2f3+ 39. Kd4 R8f4+
40. Ne4 Nf6 0-1

[Event "AUTO-ELITE-2456"]
[Site "http://www.queenalice.com/game.php?id=1805121"]
[Date "2023.1.31"]
[Round "1"]
[White "trompmaster"]
[Black "Nguxi59"]
[Result "1-0"]
[WhiteElo "2464"]
[BlackElo "2553"]

1. e4 c5 2. Nc3 g6 3. f4 Nc6 4. Nf3 Bg7 5. g3 d6 6. Bg2 e6 7. O-O Nge7 8. Ne2
O-O 9. c3 f5 10. d3 b6 11. exf5 gxf5 12. Bd2 Ba6 13. Nc1 Qd7 14. Re1 e5 15. a4
Rab8 16. Nh4 Ng6 17. Nxg6 hxg6 18. h4 Bb7 19. h5 Qf7 20. Kf2 e4 21. dxe4 Ne5 22.
fxe5 fxe4+ 23. Kg1 Qf2+ 24. Kh2 e3 25. Re2 Bxg2 26. Rxf2 Rxf2 27. Bxe3 Bf3+ 28.
Bxf2 Bxd1 29. exd6 Bxh5 30. Kh3 Bf3 31. g4 Be5 32. Bg3 Bf6 33. Nd3 1-0

[Event "AUTO-OPEN-4421"]
[Site "http://www.queenalice.com/game.php?id=1805234"]
[Date "2023.2.1"]
[Round "1"]
[White "Nguxi59"]
[Black "princesher"]
[Result "1-0"]
[WhiteElo "2560"]
[BlackElo "1880"]

1. e4 e5 2. Nf3 d6 3. Bc4 Bg4 4. Nc3 Bxf3 5. Qxf3 Nf6 6. d3 h6 7. Be3 c6 8. O-O
b5 9. Bb3 Be7 10. Qg3 Nh5 11. Qg4 g6 12. f4 Nf6 13. Qg3 Nh5 14. Qf3 Nd7 15.
Bxf7+ Kxf7 16. fxe5+ Bf6 17. exf6 Nhxf6 18. Qg3 Qe7 19. Bf4 Ne5 20. d4 g5 21.
Bxe5 dxe5 22. dxe5 Rac8 23. Rxf6+ Kg7 24. Raf1 Rhf8 25. Qh3 Qxe5 26. Qxh6+ Kg8
27. Rxf8+ Rxf8 28. Rxf8# 1-0

[Event "AUTO-OPEN-4421"]
[Site "http://www.queenalice.com/game.php?id=1805235"]
[Date "2023.2.1"]
[Round "1"]
[White "princesher"]
[Black "Nguxi59"]
[Result "1-0"]
[WhiteElo "1881"]
[BlackElo "2419"]

1. e4 e5 2. a3 Nf6 3. d3 Bc5 4. Bg5 h6 5. Bxf6 Qxf6 6. Qf3 Qg6 7. b4 Bb6 8. c4
d6 9. h3 Bd4 10. Ra2 Qg5 11. Ne2 Bb6 12. Nbc3 Nc6 13. h4 Qg6 14. Qg3 Qxg3 15.
Nxg3 Bd7 16. Nd5 Ne7 17. Nxe7 Kxe7 18. a4 a5 19. b5 g6 20. Be2 Bd4 21. Rc2 c6
22. Bd1 h5 23. Bf3 cxb5 24. cxb5 Rac8 25. Rxc8 Rxc8 26. O-O Rc3 27. Bd1 Rxd3 28.
Kh2 Bxf2 29. Rxf2 Rxd1 30. Rc2 Rd4 31. Rc7 Rxa4 32. Rxb7 Rb4 33. b6 a4 34. Kg1
a3 35. Ra7 Rxb6 36. Rxa3 1-0

[Event "AUTO-OPEN-4421"]
[Site "http://www.queenalice.com/game.php?id=1805236"]
[Date "2023.2.1"]
[Round "1"]
[White "Nguxi59"]
[Black "SGF"]
[Result "1-0"]
[WhiteElo "2559"]
[BlackElo "1701"]

1. e4 e5 2. Nf3 Qf6 3. Bc4 d6 4. d4 Be7 5. Nc3 Bg4 6. Nd5 Qg6 7. Nxc7+ Kd7 8.
Nxa8 Qxe4+ 9. Be3 Nc6 10. O-O Nf6 11. dxe5 Nxe5 12. Nxe5+ Qxe5 13. Qd3 Rxa8 14.
f4 Qh5 15. Qb3 b6 16. Qa4+ Kc7 17. f5 Bxf5 18. Bxb6+ Kxb6 19. Qb5+ Kc7 20. Rxf5
Qg4 21. Re1 Qd4+ 22. Kh1 Re8 23. Bxf7 Rb8 24. Rxe7+ Kc8 25. Qc6+ Kd8 26. Qc7#
1-0

[Event "AUTO-OPEN-4421"]
[Site "http://www.queenalice.com/game.php?id=1805237"]
[Date "2023.2.1"]
[Round "1"]
[White "SGF"]
[Black "Nguxi59"]
[Result "0-1"]
[WhiteElo "1636"]
[BlackElo "2552"]

1. e4 e5 2. Qf3 Nf6 3. d3 Bc5 4. Bg5 h6 5. Bxf6 Qxf6 6. Qxf6 gxf6 7. h4 d6 8. f3
Nc6 9. c3 f5 10. exf5 Bxf5 11. g4 Be6 12. b4 Nxb4 13. cxb4 Bd4 14. Ne2 Bxa1 15.
a3 c6 16. Bh3 b5 17. Nbc3 Bb2 18. Ne4 Ke7 19. O-O Bxa3 20. d4 Bxb4 21. N2c3 h5
22. Rb1 hxg4 23. Bxg4 Bxc3 24. Nxc3 f5 25. Bh3 Rxh4 26. dxe5 Rxh3 27. exd6+ Kd7
28. Kg2 f4 29. Ne4 Rg8+ 30. Kf2 Rh2+ 31. Ke1 Rg1# 0-1

[Event "AUTO-OPEN-4421"]
[Site "http://www.queenalice.com/game.php?id=1805239"]
[Date "2023.2.1"]
[Round "1"]
[White "AndreTheFrog"]
[Black "Nguxi59"]
[Result "1-0"]
[WhiteElo "1618"]
[BlackElo "2495"]

1. e4 e5 2. Bc4 Nf6 3. d3 Nc6 4. a3 Bc5 5. h3 d5 6. exd5 Nxd5 7. Bxd5 Qxd5 8.
Nf3 Nd4 9. Nc3 Nxf3+ 10. gxf3 Qc6 11. Be3 Bd4 12. Bxd4 exd4 13. Ne2 O-O 14. Nxd4
Re8+ 15. Ne2 Qxf3 16. Kd2 Bf5 17. Kc1 Rxe2 18. Re1 Rae8 19. Rxe2 Rxe2 20. b3
Qxf2 21. Kb2 Rd2 22. Rc1 Rxd1 23. Rxd1 Qd4+ 24. Kb1 Bxh3 25. Re1 Be6 26. Re4
Qg1+ 27. Kb2 h5 28. Rh4 1-0

[Event "AUTO-ELITE-2468"]
[Site "http://www.queenalice.com/game.php?id=1809144"]
[Date "2023.4.2"]
[Round "1"]
[White "Nguxi59"]
[Black "RookXPawn"]
[Result "0-1"]
[WhiteElo "2535"]
[BlackElo "2403"]

1. e4 e5 2. Nf3 Nc6 3. Bc4 Bc5 4. c3 Nf6 5. d4 exd4 6. cxd4 Bb4+ 7. Nc3 Nxe4 8.
O-O Bxc3 9. d5 Bf6 10. Re1 Ne7 11. Rxe4 d6 12. Bg5 Bxg5 13. Nxg5 h6 14. Qe2 hxg5
15. Re1 Be6 16. dxe6 f6 17. Re3 c6 18. Ra3 d5 19. Bd3 Qd6 0-1

[Event "AUTO-ELITE-2468"]
[Site "http://www.queenalice.com/game.php?id=1809145"]
[Date "2023.4.2"]
[Round "1"]
[White "RookXPawn"]
[Black "Nguxi59"]
[Result "1-0"]
[WhiteElo "2414"]
[BlackElo "2524"]

1. e4 c5 2. Nf3 d6 3. d4 cxd4 4. Nxd4 Nf6 5. Nc3 a6 6. Be2 e6 7. f4 Be7 8. Be3
Qc7 9. Qd2 b5 10. Bf3 e5 11. Nf5 1-0

[Event "AUTO-OPEN-4436"]
[Site "http://www.queenalice.com/game.php?id=1809391"]
[Date "2023.4.5"]
[Round "1"]
[White "Canaye"]
[Black "Nguxi59"]
[Result "1-0"]
[WhiteElo "1776"]
[BlackElo "2511"]

1. d4 d5 2. c4 e6 3. Nc3 c6 4. cxd5 exd5 5. Nf3 Nf6 6. e3 Bd6 7. Bd3 O-O 8. Qc2
Re8 9. O-O Bb4 10. a3 Bd6 11. Ng5 1-0

[Event "AUTO-OPEN-4436"]
[Site "http://www.queenalice.com/game.php?id=1809392"]
[Date "2023.4.5"]
[Round "1"]
[White "Nguxi59"]
[Black "Canaye"]
[Result "0-1"]
[WhiteElo "2434"]
[BlackElo "1791"]

1. e4 e6 2. d4 d5 3. Nd2 dxe4 4. Nxe4 Nd7 5. Nf3 Ngf6 6. Nxf6+ Nxf6 7. Bd3 c5 8.
dxc5 Bxc5 9. O-O Qb6 10. Qe2 O-O 11. c3 Bd7 12. Ne5 Rad8 13. Bg5 Be7 14. Bxf6
Bxf6 15. Bxh7+ Kxh7 0-1